| 000 | 00000nam 2200000zi 4500 |
| 001 | 9.943216 |
| 003 | CaOODSP |
| 005 | 20241128113210 |
| 006 | m o d f |
| 007 | cr ||||||||||| |
| 008 | 240913e20240917oncb ob f000 0 eng d |
| 020 | |a9780660736310 |
| 040 | |aCaOODSP|beng|erda|cCaOODSP |
| 043 | |an-cn-on |
| 086 | 1 |aEn106-273/2024E-PDF |
| 245 | 00|aAnalysis report whether to designate the Great Bear Advanced Exploration Project in Ontario pursuant to the Impact Assessment Act. |
| 264 | 1|a[Ottawa] : |bImpact Assessment Agency of Canada = Agence d'évaluation d'impact du Canada, |cSeptember 17, 2024. |
| 264 | 4|c©2024 |
| 300 | |a1 online resource (i, 14 pages) : |bmap |
| 336 | |atext|btxt|2rdacontent |
| 337 | |acomputer|bc|2rdamedia |
| 338 | |aonline resource|bcr|2rdacarrier |
| 500 | |aIssued also in French under title: Rapport d'analyse quant à la désignation du Projet d'exploration avancée Great Bear en Ontario conformément à la Loi sur l'évaluation d'impact. |
| 500 | |a"Unclassified - non classifié." |
| 504 | |aIncludes bibliographical references. |
| 650 | 0|aGold mines and mining|xEnvironmental aspects|zOntario. |
| 650 | 0|aEnvironmental impact analysis|zOntario. |
| 710 | 1 |aCanada. |bImpact Assessment Agency of Canada, |eissuing body. |
| 775 | 08|tRapport d'analyse quant à la désignation du Projet d'exploration avancée Great Bear en Ontario conformément à la Loi sur l'évaluation d'impact.|w(CaOODSP)9.943217 |
| 856 | 40|qPDF|s1.39 MB|uhttps://publications.gc.ca/collections/collection_2024/aeic-iaac/En106-273-2024-eng.pdf |